| 000 | 00497nam a2200193Ia 4500 | ||
|---|---|---|---|
| 005 | 20240823031236.0 | ||
| 008 | 240823s9999||||xx |||||||||||||| ||und|| | ||
| 020 | _a978-0-07-058535-5 | ||
| 041 | _aENGLISH | ||
| 082 | _A004 P5 | ||
| 100 | _aLele R D | ||
| 245 | 0 | _aComputers in Medicine progress in Medical Informatics | |
| 250 | _a1st | ||
| 260 |
_c2009 _b"Tata Mcgraw Hill,New " |
||
| 500 | _aYES | ||
| 650 |
_aComputers in Medicine _bBio Medical Engg. |
||
| 942 | _cBK | ||
| 999 |
_c190604 _d190604 |
||